000 00916nas a2200265 4500
001 BR9101144
003 BR-BrBNA
005 20231205091947.0
007 ta
008 230509b bl.|||p| |||| 00| 00por d
040 _aBR-BrBNA
_bpor
_cBiblioteca Nacional de Agricultura
041 _a(Pt)
072 _aL52
100 1 _aPons, S.B.
100 1 _aMilagres, J.C.
100 1 _aRegazzi, A.J.
245 1 _aEfeitos de fatores geneticos e de ambiente sobre o crescimento e o escore de conformacao em bovinos Hereford no Rio Grande do Sul: 3. Peso e escore de conformacao ao sobreano
_bParte de tese
650 _aGADO DE CORTE
650 _aPESO
650 _aGENETICA ANIMAL
650 _aMEIO AMBIENTE
773 0 _tRevista da Sociedade Brasileira de Zootecnia (Brazil)
_xISSN 0100-4859
_g(Mar-Apr 1990), v. 19(2) p. 77-82
_wBR9101144
909 _a202311
_bLúcia
_c55
_dLúcia Elande
942 _2AGRIS
_n0
_cANA
999 _c128382
_d128382